000 00311 a2200145 4500
001 151003
040 _cEscola São Tomás de Aquino
100 _aSOUSA, Mauricio de
240 1 0 _aRapunzel
_lpor
245 1 0 _aRapunzel
300 _a16
440 1 _aGirassol
697 _a*LITERATURA INFANTIL
942 _cBK
999 _c151003
_d151003